Fr. Conceicao Rodrigues College of Engineering

ARM system Developers guide designing and optimizing system software (Record no. 19773)

MARC details
000 -LEADER
fixed length control field 00356nam a2200157Ia 4500
082 ## - DEWEY DECIMAL CLASSIFICATION NUMBER
Item number SLO
100 ## - MAIN ENTRY--PERSONAL NAME
Personal name Sloss/Andrew N
245 ## - TITLE STATEMENT
Title ARM system Developers guide designing and optimizing system software
260 ## - PUBLICATION, DISTRIBUTION, ETC.
Name of publisher, distributor, etc. Elsevier
Date of publication, distribution, etc. 2004
366 ## - TRADE AVAILABILITY INFORMATION
Publishers's discount category 20
300 ## - PHYSICAL DESCRIPTION
Extent 689
546 ## - LANGUAGE NOTE
Language note ENGLISH
-- Computers
650 ## - SUBJECT ADDED ENTRY--TOPICAL TERM
Topical term or geographic name entry element ARM
654 ## - SUBJECT ADDED ENTRY--FACETED TOPICAL TERMS
Focus term arm
942 ## - ADDED ENTRY ELEMENTS (KOHA)
Koha item type BOOK
Holdings
Withdrawn status Lost status Damaged status Not for loan Collection Home library Current library Date acquired Source of acquisition Cost, normal purchase price Inventory number Total Checkouts Full call number Barcode Date last seen Cost, replacement price Price effective from Koha item type
        CRC Fr. Agnel's C.Rodrigues College of Engineering Fr. Agnel's C.Rodrigues College of Engineering 17/03/2023 Allied Publishers 500.00 728 dt 11.11.2016   SLO 24417 17/03/2023 625.00   BOOK
        CRC Fr. Agnel's C.Rodrigues College of Engineering Fr. Agnel's C.Rodrigues College of Engineering 17/03/2023 Allied Publishers 500.00 728 dt 11.11.2016   SLO 24418 17/03/2023 625.00   BOOK
        CRC Fr. Agnel's C.Rodrigues College of Engineering Fr. Agnel's C.Rodrigues College of Engineering 17/03/2023 Allied Publishers 500.00 728 dt 11.11.2016   SLO 24419 17/03/2023 625.00   BOOK